| 000 | 01561cam a2200445 i 4500 | ||
|---|---|---|---|
| 001 | data | ||
| 005 | 20260322212106.0 | ||
| 008 | data | ||
| 035 | _a22739604 | ||
| 906 |
_a7 _bcbc _corigres _d3 _encip _f20 _gy-gencatlg |
||
| 925 | 0 |
_aacquire _b1 shelf copy _xJG |
|
| 010 | _a 2022450563 | ||
| 020 |
_a9783161588624 _qcloth |
||
| 024 | 3 | _a9783161588624 | |
| 035 | _a(GyWOH)har220112792 | ||
| 040 |
_aDLC _beng _erda _cDLC |
||
| 041 | 1 |
_aeng _aeng |
|
| 042 | _apcc | ||
| 043 | _ae-gx--- | ||
| 050 | 0 | 0 |
_aKZ7000 _b.S773 2022 |
| 245 | 0 | 0 |
_aStrafrecht und Systemunrecht : _bFestschrift für Gerhard Werle zum 70. Geburtstag / _cherausgegeben von Florian Jessberger, Moritz Vormbaum und Boris Burghardt. |
| 264 | 1 |
_aTübingen : _bMohr Siebeck, _c[2022] |
|
| 300 |
_axxix, 987 pages ; _c24 cm |
||
| 336 |
_atext _btxt _2rdacontent |
||
| 337 |
_aunmediated _bn _2rdamedia |
||
| 338 |
_avolume _bnc _2rdacarrier |
||
| 504 | _aBibliography of Gerhard Werle (pages 973-981). | ||
| 546 | _a44 German, 32 English contributions. | ||
| 650 | 0 | _aInternational criminal law. | |
| 650 | 0 | _aCriminal law. | |
| 650 | 0 |
_aCriminal law _zGermany. |
|
| 700 | 1 |
_aWerle, Gerhard, _ehonoree. |
|
| 700 | 1 |
_aJessberger, Florian, _eeditor. |
|
| 700 | 1 |
_aVormbaum, Moritz, _eeditor. |
|
| 700 | 1 |
_aBurghardt, Boris, _eeditor. |
|
| 776 | 0 | 8 |
_z9783161610462 _ie-book version |
| 923 |
_d20220727 _n0285005 _sGyWOH |
||
| 985 | _eVENDOR LOAD | ||
| 999 |
_c1555 _d1555 |
||